| 000 | 00734nam a22002177a 4500 | ||
|---|---|---|---|
| 999 |
_c16331 _d16331 |
||
| 003 | AR-CdUCM | ||
| 008 | 190308b ||||| |||| 00| 0 spa d | ||
| 040 |
_aMUNICIPALIDAD PROVINCIAL DEL CUSCO _cBIBLIOTECA MUNICIPAL DEL CUSCO |
||
| 082 |
_a978.05 / _bC29 |
||
| 100 |
_aCastro, Fidel _914014 |
||
| 245 | _aLa historia me absolverá / | ||
| 260 |
_aBuenos Aires : _bHemisferio, _c1965. |
||
| 300 |
_a218 páginas ; _c20 cm. |
||
| 440 |
_aEl pensamiento vivo de Cuba actual _935715 |
||
| 505 | _aContenido : La historia me absolverá -- El programa cumplido -- Las leyes de la revolución ... | ||
| 650 |
_aRevolución _9844 |
||
| 650 |
_aCastro _914015 |
||
| 650 |
_aCuba _91821 |
||
| 942 |
_2ddc _cLIBROS |
||
| 945 |
_arah _d03/05/2019 |
||